| 000 | 00000nam##2200000za#4500 |
| 001 | 9.572311 |
| 003 | CaOODSP |
| 005 | 20210624183145 |
| 007 | cr ||||||||||| |
| 008 | 150406|1998||||xxc|||||o f|0| 0 eng|d |
| 040 | |aCaOODSP|beng |
| 043 | |an-cn--- |
| 086 | 1 |aF21-6/1998-16E-PDF |
| 110 | 1 |aCanada.|bDepartment of Finance.|bTask Force on the Future of the Canadian Financial Services Sector. |
| 245 | 10|aMechanisms for public participation in economic decision-making / |h[electronic resource]|cby Jean Roy. |
| 260 | |aOttawa - Ontario : |bFinance Canada. |cSeptember 1998. |
| 300 | |a47p.|breferences |
| 490 | 1 |aResearch paper prepared for the Task Force on the Future of the Canadian Financial Services Sector |
| 500 | |aIncorrect catalogue number (BT22-61/3-1998E-16) copied in this PDF edition. The ISBN (0-662-27155-6) for the print edition has been incorrectly copied in this electronic publication. Contents: 1. A description of experiences -- 2. Three case studies of foreign bank mergers. |
| 590 | |a11-29-Supp|b2011-11-25 |
| 690 | 07|aCitizen participation|2gcpds |
| 690 | 07|aDecision making|2gcpds |
| 690 | 07|aEconomy|2gcpds |
| 720 | 1 |aRoy, Jean |
| 775 | 08|tLes modalités de participation du public aux décisions économiques / |w(CaOODSP)9.602688 |
| 776 | 0#|tMechanisms for public participation in economic decision-making : |w(CaOODSP)9.614545 |
| 830 | #0|aResearch paper prepared for the Task Force on the Future of the Canadian Financial Services Sector.|w(CaOODSP)9.506754 |
| 856 | 40|ahttp://publications.gc.ca|qPDF|s175 KB|uhttps://publications.gc.ca/collections/Collection/F21-6-1998-16E.pdf |